000
00322 a2200157 4500
001
60593
020
_a
85151056
040
_c
Anchieta - Pituba
100
_a
Rattner, Henrique
240
1
0
_a
América latina
_l
por
245
1
0
_a
América latina
300
_a
256
362
0
_a
1988
650
4
_a
Educação
942
_c
BK
999
_c
60593
_d
60593